00275nam a2200121Ia 4500008004100000100002800041245001500069260002700084300000800111650001000119942000700129999001700136190216s9999||||xx |||||||||||||| ||und|| aChandragupth Vigalankar 0aHindiashok bUniversity Of Calicut a127 aHindi cBK c15733d15733